Hodnotenie efektívnosti investičných projektov podnikateľských subjektov diplomová práca

Na minha lista:
Detalhes bibliográficos
Autor principal: Kluch, Ján
Autor Corporativo: Národohospodárska fakulta EU. Katedra financií
Outros Autores: Gertler, Ľubomíra, 1977-
Formato: Livro
Idioma:eslovaco
Publicado em: Bratislava 2010
Tags: Adicionar Tag
Sem tags, seja o primeiro a adicionar uma tag!

MARC

LEADER 00000nam$a2200000$$$4500
001 0118925
005 20240318122218.6
041 0 |a slo 
044 |a SK 
245 1 0 |a Hodnotenie efektívnosti investičných projektov podnikateľských subjektov  |b diplomová práca  |c Ján Kluch ; škol. Ľubomíra Gertler 
264 1 |a Bratislava  |c 2010 
300 |a 77 s. 
100 1 |a Kluch, Ján 
700 1 |a Gertler, Ľubomíra, 1977- 
710 2 |a Národohospodárska fakulta EU. Katedra financií